Trilogía contractual /

Detalles Bibliográficos
Autor principal: Jaramillo J., Carlos Ignacio (Autor)
Otros Autores: Luna Serrano, Agustín (contributor agent of text.)
Formato: Electrónico eBook
Lenguaje:español
Publicado: Santiago, Chile : Ediciones Olejnik, [2023]
Colección:Biblioteca de derecho civil.
Materias:
Acceso en línea:Digitalia Hispánica

MARC

LEADER 00000nam a2200000Ii 4500
001 DIGOLEJNK1437
003 NyNyDIG
006 m o d
007 cr |||||||||||
008 251203s2023 cl ob 001 0 spa d
035 |a (OCoLC)1427226481 
040 |a DGITA  |b eng  |e rda  |e pn  |c DGITA 
020 |z 9789564073591 
050 1 4 |a K840 ebook 
100 1 |a Jaramillo J., Carlos Ignacio,  |e author. 
245 1 0 |a Trilogía contractual /  |c Carlos Ignacio Jaramillo J. ; prólogo, Agustín Luna Serrano. 
246 1 |i Subtitle on cover:  |a La nueva dimensión social del contrato, la buena fe como fuente de deberes de conducta, la protección del deudor y el rechazo al "ventajismo contractual" y a la usura 
264 1 |a Santiago, Chile :  |b Ediciones Olejnik,  |c [2023] 
300 |a 1 online resource. 
336 |a text  |b txt  |2 rdacontent 
337 |a computer  |b c  |2 rdamedia 
338 |a online resource  |b cr  |2 rdacarrier 
347 |a text file  |2 rdaft 
347 |b PDF 
490 1 |a Biblioteca de derecho civil  
504 |a Includes bibliographical references and index. 
588 0 |a Online resource; title from PDF title page (Digitalia, viewed December 3, 2025) 
650 0 |a Contracts. 
650 0 |a Obligations (Law) 
700 1 |a Luna Serrano, Agustín,  |e contributor agent of text. 
791 2 |a Digitalia (Firm),  |e distributor. 
793 0 |g Digitalia eBook Collection:  |a Ediciones Olejnik 
776 0 8 |i Print version:  |a Jaramillo J., Carlos Ignacio.  |t Trilogía contractual.  |d Santiago, Chile : Ediciones Olejnik, 2023  |z 9789564073591 
830 0 |a Biblioteca de derecho civil.  
856 4 0 |3 Digitalia Hispánica  |u https://www.digitaliapublishing.com/a/157956/ 
910 |a Premium collection: 2025